00549nam a2200133Ia 4500008004100000020002100041100001900062245014700081250001200228260004100240300004900281500005900330650002600389191108s9999 xx 000 0 und d a978-047-135295-2 aKolpan, Steven cSteven Kolpan, Brian H. Smith, Michael A. WeissaExploring wine: bThe Culinary Institute of America's complete guide to wines of the world /  a2nd ed. aNew York: bJohn Wileys & Sonsc2002 a820 pages:bcolored illustrations;c28.5 cm. aIncludes appendices, glossary, bibliography and index. aWine and wine making